Campeonato Catarinense 2021 - Times participantes - Statistics

Estatísticas Gerais
  • Esse quiz foi jogado 73 vezes
  • A pontuação média é 10 de 12
Estatísticas das Respostas
Cidade Equipe % Correto
Criciúma Criciúma
100%
Florianópolis Avaí
98%
Brusque Brusque
98%
Chapecó Chapecoense
98%
Joinville Joinville
98%
Florianópolis Figueirense
95%
Concórdia Concórdia
93%
Itajaí Marcílio Dias
63%
Jaraguá do Sul Juventus
61%
Tubarão Hercílio Luz
60%
Criciúma Próspera
54%
Blumenau Metropolitano
53%
Nenhum quiz correspondente encontrado
Distribuição das Pontuações
Porcentagem de Pessoas com Cada Pontuação
Percentil de Números Respondidos
Sua Pontuação Histórica
Você não jogou esse quiz